| 000 | 00440nab a2200145Ia 4500 | ||
|---|---|---|---|
| 003 | ES-SlBCS | ||
| 005 | 20221214121752.0 | ||
| 008 | 140529s1984 xxu||||| |||| 00| 0 spa d | ||
| 041 | _aspa | ||
| 100 | 1 |
_aMoya Cantero, Eugenio _9215182 |
|
| 245 | 0 | 0 |
_aHistoria y análisis _c Eugenio Moya Cantero |
| 650 | 0 | 4 |
_aHistoria _92130 |
| 773 | 0 |
_tAnales del Seminario de Historia de la Filosofia _gnº. 4, 1984, págs. 159-178 _wRev1027 |
|
| 942 | _cAR | ||
| 999 |
_c611308 _d611308 |
||